00534nam a2200205 a 4500001001300000003000900013005001700022008004100039020001000080082001600090100002800106245002800134260003900162300000900201500003500210505002700245650001200272650001600284700002800300nice12345678IN_TiNIC20260116013837.0050524s1985 newa grp 000 0 eng  ac20000a294.63bNAR aNara, Giani Ishar Singh aSafarnama and Zafarnama aNew DelhibNara Publicationsc1985 a328p aincludes index and biblioraphy2 aAppendix, Bibliography aSikhism aGurus, Sikh1 aNara, Giani Ishar Singh